| 000 | 00000nam##2200000za#4500 |
| 001 | 9.662712 |
| 003 | CaOODSP |
| 005 | 20210615120712 |
| 007 | ta |
| 008 | 150407|2001||||xxc||||| f|0| 0 fre|d |
| 020 | |a0-662-65673-3 |
| 040 | |aCaOODSP|bfre |
| 041 | |aeng |
| 041 | |afre |
| 043 | |an-cn--- |
| 086 | 1 |aBT22-78/2001 |
| 110 | 1 |aCanada. |bConseil du trésor. |
| 245 | 10|aCadre de gestion intégrée du risque |
| 260 | |aOttawa - Ontario : |bSecrétariat du Conseil du Trésor du Canada |c2001. |
| 300 | |aTexte français, 45p. ; |c28 cm. |
| 546 | |aBilingue |
| 563 | |aCouverture souple |
| 590 | |a01-16|b2001-04-20 |
| 691 | 07|aGestion|2gcpds |
| 691 | 07|aFonction publique|2gcpds |
| 776 | 0#|tCadre de gestion intégrée du risque.|w(CaOODSP)9.871915 |
| 791 | |tIntegrated Risk Management Framework |eeng|w(CaOODSP)9.662711 |